000 00774nam a2200253 i 4500
001 7508
003 ES-MaACL
005 20230906145241.0
007 t|
008 910124s1990 ag ||||1| spa d
020 _a950-12-5405-4
080 _a32(100)"19"
100 1 _aHuntington, Samuel P.
_964749
245 1 3 _aEl orden político en las sociedades en cambio /
_cSamuel P. Huntington ; presentación de la segunda edición, Oscar Oszlak.
250 _a1ª reimp.
260 _aBuenos Aires :
_bPaidós,
_c1990.
300 _a404 p. ;
_c22 cm.
490 1 _aEstado y sociedad ;
_v5
650 4 _aPolítica-
_yS.XX.
_916284
700 1 _aOszlak, Oscar.
_987850
830 1 _aEstado y sociedad ;
_v5
_9179808
852 4 _aES-MaACL
_jL-14755
999 _c7508
_d7508